000 00440nam a2200157 i 4500
001 33551
003 ES-MaACL
005 20230906154758.0
007 t|
008 030202s1911 fr ||||1| fre d
100 1 _aBigourdan, G.
_928854
245 1 2 _aL'astronomie
_b: evolution de idées et des methodes /
_cG. Bigourdan.
260 _aParis :
_b[Hemmerle et Cie],
_c1911.
300 _aVII, 399 p. ;
_c19 cm.
852 _aES-MaACL
_jF-6150
999 _c33551
_d33551